000 00702nam a2200229Ia 4500
003 OSt
005 20220923230739.0
006 a|||||r|||| 00| 0
007 ta
008 Pun
024 _a305,249
037 _cTextual
040 _aARTS
_cARTS
_bPun
041 _2Pun
_aPun
082 _aV236:1wM, 153J4
100 _aਸੀਤਲ, ਸੋਹਣ ਸਿੰਘ
245 0 _aਦੁਖੀਏ ਮਾਂ - ਪੁੱਤ (ਮ ਦਲੀਪ ਸਿੰਘ ਤੇ ਮਹਾਰਾਣੀ ਜਿੰਦਾਂ)
260 _c1954
650 _aਭਾਰਤੀਯ ਇਤਿਹਾਸ
942 _hV236:1wM, 153J4
_cTEXL
_2CC
999 _c387052
_d387052